000 01374nam a2200373 i 4500
001 000013612
003 DO-SdBNP
005 20260513105004.0
007 ta
008 091126s1993 dr 001 0 spa d
040 _aDO-SdBNP
_bspa
_cDO-SdBNP
_erda
041 _aspa
049 _a
082 4 _aRD868.4
_bL951o
_222
100 1 _aLugo, Américo
_d1870-1952
_eautor
_981550
_4aut.
245 1 0 _aObras escogidas /
_cAmérico Lugo ; estudio preliminar y notas adicionales de Roberto Cassá.
246 1 3 _aObras escogidas de Américo Lugo
264 1 _aSanto Domingo, República Dominicana :
_bEdiciones de la Fundación Corripio,
_c1993.
300 _a3 volumenes :
_bilustraciones, retratos ;
_c23 cm.
336 _ardacontent
_btexto
_2txt
337 _ardamedia
_bsin mediación
_2n
338 _ardacarrier
_bvolumen
_2nc
490 0 _aBiblioteca de clásicos dominicanos
_v14,15,16
500 _aIncluye referencias bibliográficas y notas al pie de las páginas
500 _aIncluye datos biográficos del autor en la solapa de la cubierta
590 _aInventariado,2020/VM
650 4 _aEnsayos dominicanos
_925146
_x
_2LEMB
650 7 _aLiteratura dominicana
_930832
_2LEMB
700 1 _aCassá, Roberto,
_d1948-
_910888
710 _aFundación Corripio (República Dominicana)
_976679
910 _aVM
942 _2ddc
_cLBS1
956 _aVMateo
999 _c13226
_d13226